| 000 | 00802nam a22002177a 4500 | ||
|---|---|---|---|
| 005 | 2010073007457.0 | ||
| 010 | _aENG-97388 | ||
| 020 |
_a9788131718520 _c530.00 |
||
| 035 | _a80921 | ||
| 037 | _bDBAD/VAN | ||
| 082 | _a658.155 | ||
| 100 |
_aDamodaran, Aswath _92766 |
||
| 245 |
_aThe dark side of valuation : _bvaluing old technology new technology and new economy companies / _cby Aswath Damodaran |
||
| 260 |
_aNew Delhi _bDorling Kindersley _c2009 |
||
| 270 |
_a482,F I E Patparganj _bDelhi _e110092 |
||
| 300 |
_axvii,479p _c21cm. (pbk) |
||
| 500 | _aincludes index | ||
| 942 |
_2ddc _cEN _h658.155 _mDAM |
||
| 999 |
_c38245 _d38245 |
||